New Amsterdam - questions generales - Statistiques

Statistiques générales
  • Ce quiz a été pris 49 fois
  • Le résultat moyen est 5 sur 10
Statistiques - réponses
Hint Réponse % Correct
Dans quelle saison apprend-t-on sa mort ? 2
76%
Avec qui sortait Floyd Reynolds avant de rencontrer Evie ? Lauren Bloom
74%
Sur les 5 dernières années avant l’arrivée de Max, combien de directeur New Amsterdam a connu ? 5
71%
De quoi meurt-elle ? Accident de voiture
47%
En hommage à qui Max et sa femme ont choisi d’appeler leur fille Luna ? Sa Sœur
44%
Qui est la cheffe de service Oncologie ? Helen Sharpe
41%
Qui quitte l’hôpital à la fin de la saison 2 ? Floyd Reynolds
32%
A qui Lauren révelle-t-elle, en pleurs, son addiction ? Iggy Frome
29%
Comment se nommait la femme de Max ? Georgia Goodwin
26%
Comment s’appelle le fils du Dr Kapoor ? Rohan
12%
Aucun quiz correspondant
Distribution des résultats
% des personnes avec chaque résultat
Percentile par nombre de réponses
Votre historique - résultats
Vous n’avez pas pris ce quiz